| 000 | 00759nam a22001577a 4500 | ||
|---|---|---|---|
| 003 | OSt | ||
| 005 | 20151104161443.0 | ||
| 008 | 151104b xxu||||| |||| 00| 0 eng d | ||
| 040 | _cRUA | ||
| 082 | _aFOR SOK 1997 B123 Or.1 | ||
| 100 |
_93373 _aSOK, HOUR. |
||
| 245 | _aDitribution of appropliat techniques for dipterocarpaceae in the phnom penh tamao fprest plantation, វិភាគទាននៃការសិក្សាអនុវត្តន៍បច្ចេកទេសរុក្ខកម្មសមស្របលើប្រភេទ dipterocarpaceae នៅស្ថានីយ៍ដាំឈើភ្នំតាម៉ៅ ខេត្តតាកែវ | ||
| 260 |
_aPhnom Penh _bRUA _c1997 |
||
| 300 |
_a52p. _bill. _c29cm. |
||
| 942 |
_2ddc _cFOR |
||
| 999 |
_c3147 _d3147 |
||